[Event "II Marcelo Salado Cup Gp A"]
[Site "Santa Clara CUB"]
[Date "2003.02.05"]
[Round "4"]
[White "Gonzalez Mena,J"]
[Black "Ruiz,O"]
[Result "1-0"]
[WhiteElo "2251"]
[BlackElo "2216"]

1.e4 c5 2.Nf3 d6 3.d4 cxd4 4.Nxd4 Nf6 5.Nc3 a6 6.Be3 Ng4 7.Bg5 Nc6 8.Nb3 h6
9.Bh4 g5 10.Bg3 Bg7 11.Qd2 Be6 12.O-O-O h5 13.f3 h4 14.Be1 Nge5 15.Kb1 Ng6
16.Nd5 b5 17.Bf2 Rb8 18.Be3 Nge5 19.Nd4 Nxd4 20.Bxd4 f6 21.Be2 Bh6 22.Bxe5 dxe5
23.g4 Kf7 24.c4 Bxd5 25.exd5 bxc4 26.Bxc4 Qd6 27.Qd3 Rb4 28.Rc1 Rhb8 29.Bb3 a5
30.Rc6 Qd7 31.Rc7 Qd6 32.Rhc1 e4 33.fxe4 a4 34.e5 Qxc7 35.Rxc7 axb3 36.Qh7+ Bg7
37.e6+ Kf8 38.Qg6  1-0

[Event "FSIMB Feb"]
[Site "Budapest HUN"]
[Date "2003.02.07"]
[Round "7"]
[White "Szabo,K"]
[Black "Malanca,A"]
[Result "1-0"]
[WhiteElo "2239"]
[BlackElo "2247"]

1.e4 c5 2.Nf3 d6 3.d4 cxd4 4.Nxd4 Nf6 5.Nc3 a6 6.Be3 e5 7.Nb3 Be6 8.f3 h5
9.Qd2 Nbd7 10.O-O-O Qc7 11.Kb1 Nb6 12.h3 Be7 13.Qf2 Nfd7 14.Bd3 h4 15.f4 exf4
16.Bxf4 Ne5 17.Nd4 Nbd7 18.Nf5 g6 19.Nxe7 Kxe7 20.Bg5+ f6 21.Bxh4 Qc5 22.Rhf1 Qxf2
23.Bxf2 Rac8 24.Nd5+ Bxd5 25.exd5 Nc5 26.Rfe1 Kf7 27.Bf1 Ncd7 28.Rd4 Rc7
29.c3 g5 30.Be2 f5 31.Bd1 Kf6 32.h4 g4 33.Bg3 Kg6 34.Bc2 Rh5 35.Rf1 Rc4 36.Rff4 Rxd4
37.Rxd4 Kf6 38.Kc1 Nf8 39.Bf2 Nfg6 40.g3 Nf3 41.Rb4 Rh7 42.Kd1 Ke5 43.Ke2 Kf6
44.Be3 Ke5 45.Kf2 Kf6 46.a4 Ke5 47.a5 Kf6 48.Bd1 Nge5 49.Be2 Rd7 50.Bf4 Ng6
51.Bxf3 gxf3 52.Kxf3 Ne5+ 53.Bxe5+ Kxe5 54.Rd4 Rc7 55.h5 Rh7 56.Rh4 Kxd5
57.Kf4 Ke6 58.h6 Kf6 59.Rh1 Kg6 60.Rd1 Rd7 61.Rh1 Rh7 62.g4 fxg4 63.Kxg4 d5
64.Kf4 Kf6 65.Rh2 Kg6 66.Ke5 Re7+ 67.Kd6 Rh7 68.Kxd5 Kf5 69.c4 Kf4 70.b4 Ke3  1-0

[Event "TCh-CZE 2002-3"]
[Site "Czech Rep CZE"]
[Date "2003.02.15"]
[Round "6"]
[White "Hracek,Z"]
[Black "Dydyshko,V"]
[Result "1/2-1/2"]
[WhiteElo "2601"]
[BlackElo "2536"]

1.e4 c5 2.Nf3 d6 3.d4 cxd4 4.Nxd4 Nf6 5.Nc3 a6 6.Be3 Ng4 7.Bg5 h6 8.Bh4 g5
9.Bg3 Bg7 10.h3 Ne5 11.f3 Nbc6 12.Bf2 Nxd4 13.Bxd4 Be6 14.Qd2 Qa5 15.a3 Rc8
16.O-O-O O-O 17.h4 Ng6 18.hxg5 hxg5 19.Rh5 Bxd4 20.Qxd4 Qc5 21.Qd2 f6 22.g3 Kg7
23.Bh3 Bxh3 24.Rxh3 Rh8 25.Rxh8 Rxh8 26.Nd5 Kf7 27.f4 Qc4 28.fxg5 fxg5 29.Nc3 g4
30.Qf2+  1/2-1/2

[Event "ch-CZE"]
[Site "Lahucovice CZE"]
[Date "2003.02.19"]
[Round "2"]
[White "Hracek,Z"]
[Black "Babula,V"]
[Result "1-0"]
[WhiteElo "2601"]
[BlackElo "2581"]

1.e4 c5 2.Nf3 d6 3.d4 cxd4 4.Nxd4 Nf6 5.Nc3 a6 6.Be3 e5 7.Nb3 Be6 8.f3 Nbd7
9.g4 h6 10.Qd2 b5 11.O-O-O Nb6 12.Qf2 Nfd7 13.Kb1 Rc8 14.Nd5 Bxd5 15.exd5 Nc4
16.Bc1 g6 17.Bd3 Bg7 18.h4 h5 19.Qe1 Ndb6 20.Na5 Kf8 21.Nc6 Qd7 22.Qe4 Nxd5
23.Qxd5 Nb6 24.Nxe5 Bxe5 25.Qe4 Na4 26.f4 Bg7 27.f5 Nc5 28.Qd5 hxg4 29.fxg6 Nxd3
30.Rxd3 fxg6 31.Rf1+ Ke8 32.Re3+  1-0

[Event "ch-CZE"]
[Site "Lahucovice CZE"]
[Date "2003.02.21"]
[Round "4"]
[White "Hracek,Z"]
[Black "Trichkov,V"]
[Result "1-0"]
[WhiteElo "2601"]
[BlackElo "2290"]

1.e4 c5 2.Nc3 d6 3.Nf3 Nf6 4.d4 cxd4 5.Nxd4 a6 6.Be3 e5 7.Nb3 Be6 8.f3 Nbd7
9.g4 Nb6 10.g5 Nfd7 11.Qd2 Be7 12.O-O-O O-O 13.h4 Rc8 14.Kb1 Nc4 15.Bxc4 Rxc4
16.Nd5 Bxd5 17.Qxd5 b5 18.Nd2 Rc7 19.Nf1 Qa8 20.Qxa8 Rxa8 21.Bd2 a5 22.Ne3 Nb6
23.Rh2 g6 24.b3 Rc6 25.Bc1 Rc3 26.Re2 Rc6 27.Bb2 Rac8 28.Rg2 Bf8 29.Ng4 Nd7
30.Ne3 Nb6 31.Rf1 h5 32.gxh6 Kh7 33.f4 Bxh6 34.Nd5 Nxd5 35.exd5 R6c7 36.fxe5 dxe5
37.Bxe5 Re7 38.Bf4 b4 39.d6 Rd7 40.h5 Bxf4 41.Rxf4 gxh5 42.Rf5 Kh6 43.Rxa5 Rxd6
44.Rh2 Kg6 45.Raxh5 f6 46.Rh6+ Kg5 47.R2h5+ Kg4 48.Rh4+ Kg5 49.R6h5+ Kg6
50.Rh2 Rd2 51.Rh6+ Kg5 52.Rxd2 Kxh6 53.Rd4 Rb8 54.Kb2 f5 55.a3 bxa3+ 56.Kxa3 Kg5
57.b4 f4 58.c4 f3 59.b5 f2 60.Rd1 Kf4 61.Kb4 Ke3 62.c5 Ke2 63.Rb1 Rd8 64.c6 Rd1
65.Rxd1 Kxd1 66.c7 f1=Q 67.c8=Q Qe1+ 68.Qc3 Qe7+ 69.Qc5 Qe1+ 70.Kb3 Qe6+
71.Ka3 Qh3+ 72.Kb4 Qh4+ 73.Ka5 Qe1+ 74.Ka6 Qe2 75.Kb7 Qf3+ 76.Qc6 Qf7+ 77.Kc8 Qf8+
78.Kc7 Ke2 79.b6 Qe7+ 80.Kc8 Qf8+ 81.Kc7 Qe7+ 82.Kb8 Qd8+ 83.Ka7 Qd4 84.Qc2+ Kf1
85.Ka6 Qd6 86.Qf5+ Kg1 87.Kb5 Qb8 88.Qe4 Qd8 89.b7 Qd7+ 90.Kb4 Qd6+ 91.Kb5 Qd7+
92.Qc6 Qd3+ 93.Qc4 Qb1+ 94.Kc6 Qg6+ 95.Kc5 Qg5+ 96.Qd5 Qe7+ 97.Kb5 Qe2+ 98.Kc6 Qe8+
99.Kb6 Qg6+ 100.Ka5 Qe8 101.Qg5+ Kh1 102.Qc1+  1-0

[Event "ch-CZE b18+20"]
[Site "Lahucovice CZE"]
[Date "2003.02.23"]
[Round "5"]
[White "Laznicka,V"]
[Black "Galicek,S"]
[Result "1-0"]
[WhiteElo "2348"]
[BlackElo "2176"]

1.e4 c5 2.Nf3 d6 3.d4 cxd4 4.Nxd4 Nf6 5.Nc3 a6 6.Be3 e6 7.f3 b5 8.g4 Nfd7
9.Qd2 Bb7 10.O-O-O Nb6 11.Bd3 N8d7 12.Qf2 Rc8 13.Nce2 Qc7 14.Kb1 e5 15.Nb3 d5
16.exd5 Nxd5 17.Ng3 N7f6 18.Bc1 Bc5 19.Nxc5 Qxc5 20.Qxc5 Rxc5 21.g5 Nd7 22.Ne4 Rc6
23.Bxb5 axb5 24.Rxd5 Ke7 25.Rhd1 Rd8 26.Rxb5 Ba6 27.Rb3 Nc5 28.Rxd8 Nxb3
29.Ra8 Nd4 30.Be3 Nxf3 31.Ra7+ Ke8 32.b4 Nd4 33.a4 Nxc2 34.Ra8+ Bc8 35.b5  1-0

[Event "Open"]
[Site "Cappelle la Grande FRA"]
[Date "2003.02.24"]
[Round "3"]
[White "Klovans,J"]
[Black "Miraoui,K"]
[Result "1-0"]
[WhiteElo "2417"]
[BlackElo "2066"]

1.e4 c5 2.Nf3 d6 3.d4 cxd4 4.Nxd4 Nf6 5.Nc3 a6 6.Be3 Ng4 7.Bc1 Nf6 8.Be2 e5
9.Nb3 Be7 10.Be3 Be6 11.O-O O-O 12.Qd2 Nbd7 13.Rfd1 Rc8 14.a4 Qc7 15.f3 Nb6
16.a5 Nc4 17.Bxc4 Qxc4 18.Rac1 Rfd8 19.Nd5 Bxd5 20.exd5 Re8 21.Qd3 Qh4 22.Bf2 Qg5
23.Nd2 Nh5 24.Be3 Nf4 25.Bxf4 Qxf4 26.c4 Bg5 27.Rc2 Qe3+ 28.Qxe3 Bxe3+ 29.Kf1 f5
30.b4 Re7 31.Ke2 Bxd2 32.Kxd2 Rec7 33.Kd3 Kf7 34.Rdc1 Ke7 35.c5 Kd7 36.Rc4 g6
37.Ke3 Rb8 38.h3 Rbc8 39.R1c2 h5 40.Kf2 g5 41.g3 Rb8 42.h4 g4 43.fxg4 fxg4
44.Ke3 Rf8 45.Ke4 Rf3 46.R2c3 Rf1 47.c6+ Kd8 48.b5 axb5 49.cxb7 Rxb7 50.Rc8+ Kd7
51.Rh8 b4 52.a6 Ra7 53.Rc6 Rf7 54.Rh6 b3 55.Rhxd6+ Ke8 56.Rb6 Rfd7 57.Re6+ Re7  1-0

[Event "Open"]
[Site "Cappelle la Grande FRA"]
[Date "2003.02.24"]
[Round "3"]
[White "Bellaiche,A"]
[Black "Shneider,A"]
[Result "0-1"]
[WhiteElo "2427"]
[BlackElo "2511"]

1.e4 c5 2.Nf3 d6 3.d4 cxd4 4.Nxd4 Nf6 5.Nc3 a6 6.Be3 e5 7.Nb3 Be6 8.f3 Be7
9.Qd2 h5 10.O-O-O Nbd7 11.Kb1 b5 12.Nd5 Bxd5 13.exd5 Nb6 14.Bxb6 Qxb6 15.Na5 Rc8
16.c4 bxc4 17.Nxc4 Qa7 18.Na5 Rc5 19.Nc6 Qb6 20.Rc1 Nxd5 21.Rxc5 Qxc5 22.Nxe7 Kxe7
23.Bxa6 Rb8 24.Rc1 Qb6 25.Bc4 Nf4 26.Bb3 Ne6 27.Qd5 g6 28.g3 Qf2 29.a4 Qxh2
30.a5 Qxg3 31.a6 Qf2 32.Rc6 Kf6 33.Rxd6 Qf1+ 34.Ka2 Rb5 35.a7 Rxd5 36.Bxd5 Ke7
37.Rc6 Qd1 38.a8=Q Qxd5+ 39.Ka3 Qxf3+ 40.b3 Qd5 41.Qb7+ Kf6 42.Qb6 h4 43.Rd6 Qa8+
44.Kb4 Qe4+ 45.Ka3 Kg5 46.Rd7 Qf4 47.Qb7 Qc1+ 48.Kb4 Qc5+ 49.Ka4 Qc2 50.Kb4 f6
51.Qf3 Nf4 52.Rd1 e4 53.Rg1+ Kf5 54.Qf1 Qd2+ 55.Ka4 g5 56.b4 Qa2+ 57.Kb5 h3
58.Kb6 g4 59.Qd1 Qe6+ 60.Ka7 Kg5 61.b5 h2 62.Rh1 Nd5 63.Qc1+ e3 64.Qc5 g3
65.Rd1 Qb6+ 66.Qxb6 Nxb6 67.Kxb6 g2 68.Kc7 g1=Q 69.Rd5+ f5 70.b6 h1=Q 71.b7 Qxd5
72.b8=Q Qc1+ 73.Kb6 Qb3+ 74.Ka5 Qca3+  0-1

[Event "Open"]
[Site "Cappelle la Grande FRA"]
[Date "2003.02.26"]
[Round "6"]
[White "Apicella,M"]
[Black "Areshchenko,A"]
[Result "0-1"]
[WhiteElo "2501"]
[BlackElo "2566"]

1.e4 c5 2.Nf3 d6 3.d4 cxd4 4.Nxd4 Nf6 5.Nc3 a6 6.Be3 e5 7.Nb3 Be6 8.f3 h5
9.Qd2 Nbd7 10.Nd5 Bxd5 11.exd5 Qc7 12.c4 a5 13.a4 b6 14.Qf2 g6 15.Be2 Bg7
16.O-O O-O 17.h3 Nc5 18.Ra3 Nfd7 19.g4 hxg4 20.hxg4 f5 21.gxf5 gxf5 22.f4 Rf6
23.Nxc5 Rg6+ 24.Kh1 Kf7 25.Bh5 Rh8 26.Qh2 Nf6 27.Ne6 Qxc4 28.Ng5+ Kg8 29.Rc1 Qxd5+
30.Bf3 Rxh2+ 31.Kxh2 Ng4+ 32.Kg1 e4 33.Bd1 Bd4 34.Bb3 Bxe3+ 35.Kf1 Bxc1 36.Bxd5+ Kg7
37.Ke2 Rh6 38.Nxe4 fxe4 39.Rg3 Rh4 40.Be6 Bxf4 41.Rxg4+ Rxg4 42.Bxg4 Kf6  0-1

[Event "Open"]
[Site "Cappelle la Grande FRA"]
[Date "2003.02.26"]
[Round "6"]
[White "Kovchan,A"]
[Black "Calotescu,C"]
[Result "1-0"]
[WhiteElo "2536"]
[BlackElo "2334"]

1.e4 c5 2.Nf3 d6 3.d4 Nf6 4.Nc3 cxd4 5.Nxd4 a6 6.Be3 e5 7.Nf3 Qc7 8.a4 Be7
9.a5 Nbd7 10.Nd2 Nc5 11.f3 Be6 12.Nc4 h6 13.Nb6 Rd8 14.Be2 O-O 15.O-O Qb8
16.Bc4 Ncd7 17.Nbd5 Rfe8 18.Qd3 Rc8 19.Rfd1 Bf8 20.b4 Be7 21.Bb3 Bd8 22.Bf2 Rf8
23.g3 Kh8 24.Kg2 Ne8 25.Be1 Ndf6 26.Nxf6 Bxf6 27.Nd5 Bd8 28.Bf2 Bd7 29.Ba4 Bxa4
30.Rxa4 Nf6 31.Ne3 Ne8 32.Nc4 Be7 33.Nb6 Rd8 34.Nd5 Bf6 35.c4 Rd7 36.Raa1 Bd8
37.b5 Nf6 38.Nxf6 Bxf6 39.bxa6 bxa6 40.c5 Rc8 41.Qxa6 Rcd8 42.c6 Re7 43.Bb6 Rc8
44.Rac1 Bg5 45.Rc2 Kh7 46.h4 Bf6 47.Rdc1  1-0

[Event "11th Fajr Open"]
[Site "Tehran IRI"]
[Date "2003.02.28"]
[Round "2"]
[White "Guliev,L"]
[Black "Makvandi,N"]
[Result "1-0"]
[WhiteElo "2386"]
[BlackElo "2146"]

1.e4 c5 2.Nf3 d6 3.d4 Nf6 4.Nc3 cxd4 5.Nxd4 a6 6.Be3 e6 7.f3 b5 8.Qd2 Bb7
9.O-O-O Nbd7 10.g4 Nb6 11.Qg2 Nfd7 12.Bd3 Rc8 13.Nce2 Nc4 14.Bxc4 Rxc4 15.Kb1 Qc7
16.Ng3 d5 17.Rhe1 Bb4 18.c3 Bd6 19.exd5 Bxd5 20.Ndf5 O-O 21.Rxd5 Bxg3 22.hxg3 exd5
23.Qh2 Re8 24.Rh1 Nf8 25.Bf4 Rxf4 26.gxf4 Qc4 27.Qd2 Re2 28.Qd4 Ne6 29.Qxd5 Qxd5
30.Ne7+ Kf8 31.Nxd5 Rd2 32.Nb4 Nxf4 33.Nxa6 Nd3 34.b3 h6 35.Nc7 b4 36.cxb4 Nxb4
37.a4 Ke7 38.Nb5 Nd3 39.Ka1 Kd7 40.Nc3 Kc6 41.Ne4 Re2 42.Rd1 Ne5 43.Rc1+ Kb7
44.Rc3  1-0

[Event "10th Metalis Open"]
[Site "Bizovac CRO"]
[Date "2003.03.01"]
[Round "7"]
[White "Sulc,D"]
[Black "Kutuzovic,B"]
[Result "1/2-1/2"]
[WhiteElo "2271"]
[BlackElo "2389"]

1.e4 c5 2.Nf3 d6 3.d4 cxd4 4.Nxd4 Nf6 5.Nc3 a6 6.Be3 e6 7.f3 b5 8.g4 Bb7
9.Qd2 Nfd7 10.O-O-O Nb6 11.Bd3 N8d7 12.f4 b4 13.Nce2 d5 14.Ng3 Nc5 15.exd5 Nxd5
16.Rhe1 Qa5  1/2-1/2

[Event "57th ch-POL w"]
[Site "Sroda Wlkp POL"]
[Date "2003.03.01"]
[Round "3"]
[White "Nowak,D"]
[Black "Dworakowska,J"]
[Result "1/2-1/2"]
[WhiteElo "2098"]
[BlackElo "2404"]

1.e4 c5 2.Nf3 d6 3.d4 cxd4 4.Nxd4 Nf6 5.Nc3 a6 6.Be3 Nc6 7.f3 e6 8.Qd2 Be7
9.O-O-O O-O 10.g4 Nxd4 11.Bxd4 b5 12.h4 Qa5 13.Kb1 b4 14.Ne2 e5 15.Be3 Be6
16.Nc1 d5 17.g5 d4 18.Bxd4 Rfd8 19.gxf6 Rxd4 20.Bd3 Bxf6 21.Nb3 Qa4 22.f4 exf4
23.Qxf4 a5 24.Qg3 Bxb3 25.axb3 Qe8 26.Rhf1 Be5 27.Qf3 a4 28.bxa4 Bf6 29.e5 Qxa4
30.Kc1 Rc8 31.exf6 Qa1+ 32.Kd2 Qxb2 33.Ke1 Re8+ 34.Kf2 Rxh4 35.Kg2 Qe5 36.Rh1 Qg5+
37.Kf2 Rf4 38.Bxh7+ Kf8 39.fxg7+ Kxg7 40.Rdg1 Rxf3+ 41.Kxf3 Qxg1 42.Rxg1+ Kxh7
43.Kf4 Rc8 44.Rg2 Rc6 45.Kf5 Rg6 46.Rh2+ Kg7 47.Rh4 Rb6 48.Rg4+ Kf8 49.Re4 Rb5+
50.Kf6 Rb8 51.Re2 Rb6+ 52.Kf5 Kg7 53.Rg2+ Rg6 54.Rd2 Rf6+ 55.Kg5 Rb6 56.Rd5 Rc6
57.Rb5 Rc4 58.Kf5 Rh4 59.Kg5 Rd4 60.Kf5 Rc4 61.Kg5 Rxc2 62.Rxb4 f6+ 63.Kf4 Kg6
64.Ra4 Rh2 65.Kg3 Rh1 66.Ra5 Rg1+ 67.Kf4 Rh1 68.Kf3 Rh4 69.Rb5 Rh5 70.Rxh5 Kxh5
71.Kf4 Kg6 72.Kg4  1/2-1/2

[Event "Tch-SWE 2002-3"]
[Site "Sweden SWE"]
[Date "2003.03.01"]
[Round "8"]
[White "Wedberg,T"]
[Black "Kulaots,K"]
[Result "1/2-1/2"]
[WhiteElo "2530"]
[BlackElo "2513"]

1.e4 c5 2.Nf3 d6 3.d4 cxd4 4.Nxd4 Nf6 5.Nc3 a6 6.Be3 e6 7.a4 Nc6 8.Be2 Be7
9.O-O O-O 10.f4 Qc7 11.Kh1 Re8 12.Bf3 Bf8 13.Nb3 b6 14.a5 bxa5 15.e5 dxe5
16.Bxc6 Qxc6 17.Nxa5 Qd7 18.Qf3 e4 19.Nxe4 Nxe4 20.Qxe4 Qd5 21.Qd4 Qf5 22.c3 Be7
23.Rfd1 Bf6 24.Qa4 Qb5 25.Qe4 Bd7 26.Bd4  1/2-1/2

[Event "10th Metalis Open"]
[Site "Bizovac CRO"]
[Date "2003.03.02"]
[Round "8"]
[White "Sulc,D"]
[Black "Franic,M"]
[Result "0-1"]
[WhiteElo "2271"]
[BlackElo "2425"]

1.e4 c5 2.Nf3 d6 3.d4 cxd4 4.Nxd4 Nf6 5.Nc3 a6 6.Be3 e6 7.f3 b5 8.g4 Nfd7
9.Qd2 Nb6 10.Bd3 N8d7 11.O-O-O Bb7 12.f4 Qc7 13.f5 e5 14.Nb3 b4 15.Bxb6 Nxb6
16.Nd5 Nxd5 17.exd5 a5 18.Bb5+ Kd8 19.Rhe1 Be7 20.g5 h6 21.h4 a4 22.Nd4 b3
23.axb3 exd4 24.bxa4 hxg5 25.hxg5 Qc5 26.f6 gxf6 27.Qe2 Bf8 28.Qg4 Bc8 29.Qf4 f5
30.Rxd4 Be7 31.Rc4 Qa7 32.Rc6 Bd7 33.Rxe7 Rh1+ 34.Kd2 Kxe7 35.Qxd6+ Ke8 36.g6 Qd4+
37.Bd3 Bxc6 38.Qxc6+ Ke7 39.d6+ Qxd6 40.Qxh1 Qf4+ 41.Kd1 Qg4+ 42.Kd2 Qb4+
43.Ke2 Rxa4 44.gxf7 Qg4+ 45.Qf3 Rf4 46.Qxg4 fxg4 47.Bb5 g3 48.Bc6 Rf2+ 49.Kd3 g2
50.Bxg2 Rxg2 51.b4 Kxf7 52.c4 Ke6 53.Kd4 Kd6  0-1

[Event "57th ch-POL w"]
[Site "Sroda Wlkp POL"]
[Date "2003.03.02"]
[Round "4"]
[White "Kupczyk,E"]
[Black "Zawadzka,J"]
[Result "0-1"]
[WhiteElo "2091"]
[BlackElo "2335"]

1.e4 c5 2.Nf3 d6 3.d4 cxd4 4.Nxd4 Nf6 5.Nc3 a6 6.Be3 e5 7.Nb3 Be6 8.f3 Nbd7
9.g4 b5 10.g5 b4 11.Ne2 Nh5 12.Ng3 Nf4 13.Qd2 Be7 14.Nd4 exd4 15.Bxf4 Ne5
16.Be2 O-O 17.Nf5 Rc8 18.Nxd4 Bc4 19.Rg1 Bxe2 20.Qxe2 Nc4 21.O-O-O Re8 22.Kb1 Bf8
23.Nf5 g6 24.Nh6+ Bxh6 25.gxh6 Qf6 26.Bc1 Re7 27.Qf2 Rxe4 28.Qa7 Re2 29.Qxa6 Qf5
30.Rd3 Qc5 31.Ka1 Rxc2 32.Rgd1 Na3  0-1

[Event "Victor Ciocaltea Mem"]
[Site "Bucharest ROM"]
[Date "2003.03.04"]
[Round "1"]
[White "Burnoiu,N1"]
[Black "Grigore,N"]
[Result "0-1"]
[WhiteElo "2414"]
[BlackElo "2391"]

1.e4 c5 2.Nf3 d6 3.d4 cxd4 4.Nxd4 Nf6 5.Nc3 a6 6.Be3 e5 7.Nb3 Be6 8.f3 Nbd7
9.g4 h6 10.Qd2 b5 11.O-O-O Rc8 12.Qf2 Rxc3 13.bxc3 d5 14.Bd3 Qc7 15.h3 dxe4
16.fxe4 a5 17.Kb1 a4 18.Nc1 Ba3 19.Qe1 O-O 20.Ne2 Nxe4 21.Bc1 Bxc1 22.Kxc1 Nd6
23.Ng3 Qc5 24.Ne4 Qa3+ 25.Kd2 Bd5 26.Rf1 Bxe4 27.Bxe4 b4 28.Rf3 Nf6 29.Bf5 e4
30.Rg3 Qxa2 31.cxb4 e3+ 32.Ke2 Nxf5 33.gxf5 Qc4+ 34.Kxe3 Qe4+ 35.Kf2 Qc4
36.Kf3 Re8 37.Rg2 Qe4+ 38.Kg3 Qe5+ 39.Kf2 Nh5 40.Rg4 Qxf5+  0-1

[Event "Victor Ciocaltea Mem"]
[Site "Bucharest ROM"]
[Date "2003.03.04"]
[Round "1"]
[White "Firman,N"]
[Black "Vajda,L"]
[Result "0-1"]
[WhiteElo "2496"]
[BlackElo "2576"]

1.e4 c5 2.Nf3 d6 3.d4 cxd4 4.Nxd4 Nf6 5.Nc3 a6 6.Be3 e5 7.Nb3 Be6 8.Nd5 Nbd7
9.f3 Nxd5 10.exd5 Bf5 11.g4 Bg6 12.h4 f5 13.Bd3 Nf6 14.gxf5 Bh5 15.Be2 Be7
16.Rg1 Bf7 17.Rxg7 Nh5 18.Rg4 Bxh4+ 19.Kd2 Ng3 20.Bd3 h5 21.Rb4 Rg8 22.c4 a5
23.Rxb7 Qc8 24.Nxa5 Nxf5 25.Bxf5 Rg2+ 26.Kc3 Qxf5 27.Nc6 Bf6 28.b3 Bg6 29.Kb4 h4
30.f4 Qe4 31.Qe1 h3 32.fxe5 dxe5 33.Qf1 Bh4 34.Bc5 Bf5 35.Be7 Rg7 36.Kb5 h2
37.Qh1 Qe2 38.d6 e4 39.Nd4 Qd2 40.Nc6 Bxe7 41.Rxe7+ Rxe7 42.dxe7 Bd7 43.Qe1 Qd6  0-1

[Event "57th ch-POL w"]
[Site "Sroda Wlkp POL"]
[Date "2003.03.04"]
[Round "6"]
[White "Kupczyk,E"]
[Black "Dworakowska,J"]
[Result "0-1"]
[WhiteElo "2091"]
[BlackElo "2404"]

1.e4 c5 2.Nf3 d6 3.d4 cxd4 4.Nxd4 Nf6 5.Nc3 a6 6.Be3 Nc6 7.f3 e6 8.Qd2 Be7
9.O-O-O O-O 10.g4 Nxd4 11.Bxd4 b5 12.Kb1 Qc7 13.h4 Nd7 14.g5 b4 15.Ne2 Ne5
16.Ng1 Bb7 17.h5 Rac8 18.Rh2 d5 19.Bxe5 Qxe5 20.f4 Qc7 21.e5 d4 22.Bd3 a5
23.Ne2 Bc5 24.g6 f5 25.h6 hxg6 26.Rg1 Kh7 27.hxg7+ Kxg7 28.Ng3 Qc6 29.Qf2 Qf3
30.Nxf5+ exf5 31.Qh4 Kf7 32.Qf6+ Ke8 33.Bb5+ Bc6 34.Qe6+ Kd8 35.Ba6 Bd7 36.Qxg6 Rc6
37.e6 Rxe6 38.Qg7 Rfe8 39.Rh8 Rxa6 40.Rxe8+ Bxe8 41.Qe5 Qc6 42.Qxf5 Ra7 43.b3 a4
44.bxa4 Bf7 45.Rg5 Bxa2+ 46.Kb2 Be7  0-1

[Event "57th ch-POL w"]
[Site "Sroda Wlkp POL"]
[Date "2003.03.04"]
[Round "6"]
[White "Kadziolka,B"]
[Black "Worek,J"]
[Result "1/2-1/2"]
[WhiteElo "2228"]
[BlackElo "2236"]

1.e4 c5 2.Nf3 d6 3.d4 cxd4 4.Nxd4 Nf6 5.Nc3 a6 6.Be3 e6 7.Be2 b5 8.Bf3 Nfd7
9.O-O Bb7 10.Bh5 g6 11.f4 b4 12.Nb1 Nf6 13.Bf3 e5 14.Ne2 Nbd7 15.c3 d5 16.fxe5 dxe4
17.exf6 exf3 18.Nd4 Ne5 19.Qa4+ Qd7 20.Qxd7+ Kxd7 21.Nxf3 Nxf3+ 22.gxf3 Re8
23.Kf2 Re6 24.Nd2 bxc3 25.bxc3 Bd6 26.Rad1 Rc8 27.c4 Ke8 28.Rfe1 h5 29.h4 Rxf6
30.Rb1 Bc6 31.Bd4+ Re6 32.Rxe6+ fxe6 33.Rb6 a5 34.Ne4 Be7 35.Ng5 Kd7 36.Ra6 Bxg5
37.hxg5 a4 38.Be5 Ke7 39.c5 Bd7 40.Bd6+ Ke8 41.Ra7 e5 42.Ke3 h4 43.Rb7 h3
44.Rb2 Bf5 45.Rh2  1/2-1/2

[Event "Victor Ciocaltea Mem"]
[Site "Bucharest ROM"]
[Date "2003.03.06"]
[Round "3"]
[White "Firman,N"]
[Black "Burnoiu,N1"]
[Result "1-0"]
[WhiteElo "2496"]
[BlackElo "2414"]

1.e4 c5 2.Nf3 d6 3.d4 cxd4 4.Nxd4 Nf6 5.Nc3 a6 6.Be3 e6 7.f3 b5 8.Qd2 Nbd7
9.g4 h6 10.O-O-O Bb7 11.Bd3 Ne5 12.Rhe1 b4 13.Nce2 d5 14.exd5 Nxd5 15.Nf4 Qa5
16.Nb3 Qxa2 17.Be4 Rd8 18.Nxd5 Bxd5 19.Bxd5 Rxd5 20.Qe2 Rxd1+ 21.Rxd1 Be7
22.f4 Ng6 23.f5 Bf6 24.Bd4 Bg5+ 25.Rd2 Ne7 26.Qe5 Bxd2+ 27.Kxd2 Kd7 28.Qxg7 Re8
29.Qxf7 Qb1 30.Nc5+  1-0

[Event "FSGM March"]
[Site "Budapest HUN"]
[Date "2003.03.06"]
[Round "6"]
[White "Todorovic,GM"]
[Black "Szeberenyi,A"]
[Result "1/2-1/2"]
[WhiteElo "2457"]
[BlackElo "2392"]

1.e4 c5 2.Nf3 d6 3.d4 cxd4 4.Nxd4 Nf6 5.Nc3 a6 6.Be3 Ng4 7.Bc4 Nxe3 8.fxe3 e6
9.O-O Be7 10.Rxf7 Kxf7 11.Qg4 Rf8 12.Nxe6 Bxe6 13.Bxe6+ Ke8 14.Qh5+ g6 15.Qxh7 Qa5
16.Nd5 Nc6 17.c3 Qa4 18.Bd7+ Kd8 19.Qxe7+ Nxe7 20.Bxa4 Nxd5 21.exd5 Ke7 22.Rd1 Rf7
23.Rd4 Raf8 24.Re4+ Kd8 25.h4 Re7 26.Rg4 Rxe3 27.Rxg6 Rf4  1/2-1/2

[Event "Victor Ciocaltea Mem"]
[Site "Bucharest ROM"]
[Date "2003.03.08"]
[Round "5"]
[White "Firman,N"]
[Black "Grigore,N"]
[Result "1-0"]
[WhiteElo "2496"]
[BlackElo "2391"]

1.e4 c5 2.Nf3 d6 3.d4 cxd4 4.Nxd4 Nf6 5.Nc3 a6 6.Be3 e5 7.Nb3 Be6 8.Nd5 Nbd7
9.f3 Bxd5 10.exd5 g6 11.Be2 Bg7 12.O-O O-O 13.Qd2 Nh5 14.g3 f5 15.f4 exf4
16.gxf4 Qh4 17.Qe1 Qxe1 18.Raxe1 Nhf6 19.Bf3 Rfe8 20.Bd4 Ne4 21.Bxe4 Rxe4
22.Rxe4 fxe4 23.f5 gxf5 24.Rxf5 Ne5 25.Nd2 Re8 26.Kf1 Ng6 27.Bxg7 Kxg7 28.Ke2 h6
29.c4 e3 30.Nf1 Re4 31.Nxe3 Ne5 32.b3 Ng4 33.Rf3 Nxh2 34.Rg3+ Kf6 35.Rg2 Rh4
36.Rf2+ Kg5 37.Nf5 Re4+ 38.Kd3 Ng4 39.Rf1 Rf4 40.Rxf4 Kxf4 41.Nxd6 h5 42.Ke2 h4
43.Kf1 h3 44.Kg1 b6 45.b4 Ke5 46.Nc8 h2+ 47.Kh1 a5 48.b5 Ke4 49.c5 bxc5 50.b6 Nf6
51.b7 Nd7 52.Nb6 Nb8 53.d6  1-0

[Event "Stroer Trophy"]
[Site "Cannes FRA"]
[Date "2003.03.09"]
[Round "2"]
[White "Calzetta,M"]
[Black "Zhao Xue"]
[Result "0-1"]
[WhiteElo "2286"]
[BlackElo "2428"]

1.e4 c5 2.Nf3 d6 3.d4 cxd4 4.Nxd4 Nf6 5.Nc3 a6 6.Be3 e5 7.Nb3 Be6 8.f3 Nbd7
9.g4 b5 10.g5 b4 11.Ne2 Nh5 12.Qd2 h6 13.gxh6 g6 14.Ng3 Nf4 15.Nd4 exd4 16.Bxf4 Ne5
17.Be2 Qb6 18.h4 f6 19.Rd1 Nc6 20.Kf1 Qc7 21.Rh2 a5 22.Bd3 a4 23.Ne2 a3 24.b3 Qa7
25.Kg2 Qc5 26.Kh1 Kf7 27.Rg1 Qh5 28.Rf1 Bxh6 29.Bxh6 Qxh6 30.Qxh6 Rxh6 31.Bb5 Na7
32.Nxd4 Rah8 33.Be2 Rxh4 34.Rxh4 Rxh4+ 35.Kg1 d5 36.Kf2 dxe4  0-1

[Event "57th ch-POL w"]
[Site "Sroda Wlkp POL"]
[Date "2003.03.09"]
[Round "11"]
[White "Kupczyk,E"]
[Black "Kadziolka,B"]
[Result "0-1"]
[WhiteElo "2091"]
[BlackElo "2228"]

1.e4 c5 2.Nf3 d6 3.d4 cxd4 4.Nxd4 Nf6 5.Nc3 a6 6.Be3 e5 7.Nb3 Be7 8.f3 Be6
9.Qd2 O-O 10.O-O-O Nbd7 11.g4 Qc7 12.Kb1 b5 13.g5 Nh5 14.Nd5 Bxd5 15.exd5 Nb6
16.Na5 Nxd5 17.Qxd5 Qxa5 18.c4 Rab8 19.Rg1 Qa4 20.Rg4 bxc4 21.Bxc4 Kh8 22.Qd3 f5
23.gxf6 Nxf6 24.Rg2 d5 25.Bb3 Qb5 26.Qf5 Bd6 27.Bg5 a5 28.Qe6 a4 29.Qxd6 axb3
30.Qxe5 bxa2+ 31.Ka1 Qb3 32.Rdg1 Qxf3 33.Rg3 Nd7 34.Qd6 Qf5 35.Be7 Rf7 36.Rg5 Qf2
37.R5g2 Qf5 38.Rc1 h6 39.Rgc2 Kh7 40.Rc7 Qe5 41.Qxe5 Nxe5 42.Bd6 Rxc7 43.Rxc7 Re8
44.Kxa2 Nc4 45.Bc5 Re2 46.Bd4 Rg2 47.Rd7 h5 48.h4 Rg4 49.Bf6 Kg8 50.Bg5 Rg2
51.Rxd5 Rxb2+ 52.Ka1 Rb7 53.Rc5 Rb4 54.Rc7 Ne5 55.Rc5 Nf3 56.Be7 Ra4+ 57.Kb2 g6
58.Kb3 Re4 59.Rc8+ Kf7 60.Bg5 Nxg5 61.hxg5 Re5  0-1

[Event "57th ch-POL w"]
[Site "Sroda Wlkp POL"]
[Date "2003.03.09"]
[Round "11"]
[White "Nowak,D"]
[Black "Worek,J"]
[Result "1-0"]
[WhiteElo "2098"]
[BlackElo "2236"]

1.e4 c5 2.Nf3 d6 3.d4 cxd4 4.Nxd4 Nf6 5.Nc3 a6 6.Be3 e5 7.Nb3 Be7 8.f3 Be6
9.Qd2 Nbd7 10.g4 Rc8 11.O-O-O b5 12.Qf2 Bxg4 13.Rg1 Be6 14.Rxg7 Rxc3 15.bxc3 Qc7
16.Kb2 d5 17.Bd3 b4 18.cxb4 d4 19.Bd2 Nb6 20.a3 Nc4+ 21.Bxc4 Bxc4 22.Rgg1 Nd7
23.Kb1 Nb6 24.Nxd4 exd4 25.Qxd4 Rf8 26.Bh6 Be6 27.Bxf8 Bxf8 28.Rg8 Na4 29.Qg7 Nc3+
30.Kc1 Qf4+ 31.Rd2 Na2+ 32.Kb2  1-0

[Event "69th ch-BLR"]
[Site "Minsk BLR"]
[Date "2003.03.11"]
[Round "12"]
[White "Zhigalko,A"]
[Black "Dydyshko,V"]
[Result "0-1"]
[WhiteElo "2450"]
[BlackElo "2536"]

1.e4 c5 2.Nf3 d6 3.d4 cxd4 4.Nxd4 Nf6 5.Nc3 a6 6.Be3 e6 7.f3 Be7 8.Qd2 Nc6
9.O-O-O O-O 10.g4 Nxd4 11.Bxd4 b5 12.g5 Nd7 13.h4 b4 14.Ne2 a5 15.f4 Bb7
16.Ng3 Qc7 17.Kb1 e5 18.Be3 exf4 19.Bxf4 Ne5 20.Bd3 Rfc8 21.Nf5 Bf8 22.h5 a4
23.Bxe5 dxe5 24.g6 b3 25.cxb3 axb3 26.axb3 Qb6 27.Qg5 fxg6 28.hxg6 Qxb3 29.Nh6+ gxh6
30.Bc4+ Qxc4 31.gxh7+ Kh8  0-1

[Event "Spring Festival WGM"]
[Site "Bucharest ROM"]
[Date "2003.03.12"]
[Round "10"]
[White "Ionica,I"]
[Black "Sasu Ducsoara,An"]
[Result "0-1"]
[WhiteElo "2200"]
[BlackElo "2234"]

1.e4 c5 2.Nf3 d6 3.d4 cxd4 4.Nxd4 Nf6 5.Nc3 a6 6.Be3 e5 7.Nb3 Be6 8.f3 Nbd7
9.g4 h6 10.Qd2 Be7 11.O-O-O b5 12.Qf2 b4 13.Nd5 Bxd5 14.exd5 a5 15.Kb1 a4
16.Nc1 Ra5 17.Bc4 Qc7 18.b3 e4 19.Bd4 exf3 20.Qxf3 Nb6 21.Bxb6 Qxb6 22.Rhe1 Ra7
23.h4 Nd7 24.Nd3 axb3 25.cxb3 Qa5 26.Rd2 Nb6 27.Nc1 O-O 28.g5 hxg5 29.hxg5 Bxg5
30.Rh2 Nxc4 31.bxc4 b3 32.Rg1 bxa2+ 33.Rxa2 Qb6+  0-1

[Event "Spring Festival GM"]
[Site "Bucharest ROM"]
[Date "2003.03.12"]
[Round "10"]
[White "Soltanici,R"]
[Black "Itkis,B"]
[Result "1/2-1/2"]
[WhiteElo "2389"]
[BlackElo "2452"]

1.e4 c5 2.Nf3 d6 3.d4 cxd4 4.Nxd4 Nf6 5.Nc3 a6 6.Be3 b5 7.f3 Bb7 8.Qd2 Nbd7
9.O-O-O Rc8 10.Kb1 h6 11.Bd3 e6 12.g4 Ne5 13.Rhe1 Nfd7 14.f4 Nxd3 15.cxd3 Be7
16.h4 Bxh4 17.Rh1 Bf6 18.g5 Bxd4 19.Bxd4 e5 20.Be3 h5 21.g6 fxg6 22.Qg2 g5
23.fxe5 Nxe5 24.Bxg5 Qd7 25.Rh4 Qf7 26.Rf4 Qg6 27.Qg1 Rf8 28.Rxf8+ Kxf8 29.Qb6 Bc6
30.Bf4 Qf7 31.Bxe5 dxe5  1/2-1/2